US Cities by Rail transit Picture #2 - Statistics

General Stats
  • This quiz has been taken 33 times
  • The average score is 6 of 10
Answer Stats
Picture Answer % Correct
Chicago
89%
New Orleans
71%
Dallas
64%
Washington DC
64%
Miami
61%
Portland
61%
Atlanta
57%
Detroit
54%
Salt lake city
50%
Charlotte
36%
No matching quizzes found
Score Distribution
Percent of People with Each Score
Percentile by Number Answered
Your Score History
You have not taken this quiz